Responses for Show #8605 - Friday, March 25, 2022

Jackie Kelly game 1.

Contestants

[<< previous game]

Nicole Wachell, a teacher and writer from Los Angeles, California

Jackie Kelly, a pension calculation developer from Cary, North Carolina

Ciara Donegan, an undergraduate student from Towson, Maryland (whose 1-day cash winnings total $27,601)

[next game >>]

Jeopardy! Round responses

POP MUSIC PHILLY-STYLE
A BIT OF BRIT LIT
3-LETTER WORDS
ALPHABET LAND
BEER TODAY
LAWN TOMORROW
    $200 4
(John) Oates

Nicole
    $200 3
Paddington

Ciara
    $200 17
cog

Jackie
    $200 27
Arabic

Ciara
    $200 26
(Nicole: What are hops?)

yeast

Nicole
Triple Stumper
    $200 30
roots

Ciara
    $400 22
Soul Train

Nicole
    $400 1
Paradise Lost

Jackie
    $400 15
ebb

Ciara
    $400 21
shorthand

Ciara
    $400 25
Miller Lite

Nicole
    $400 29
(Ciara: What is a prairie dog?)
(Nicole: What is a groundhog?)
...
(Ken: That's their close cousin, I believe, [*].)

the gopher

CiaraNicole
Triple Stumper
    $600 18
Will Smith & DJ Jazzy Jeff (DJ Jazzy Jeff & The Fresh Prince)

Jackie
    $600 5
Robin Hood

Jackie
    $600 13
hue

Ciara
    $600 16
yin & yang

Nicole
    $3,000 24
(Arthur) Guinness

Nicole
    $600 28
mulch

Triple Stumper
    $800 9
Chubby Checker

Jackie
    $800 8
valet

Ciara
    $800 12
rue

Nicole
    $800 14
Armenian

Nicole
    $800 23
Heineken

Nicole
    $800 19
Kentucky bluegrass

Triple Stumper
    $1000 6
Eve

Jackie
    $1000 2
Edward Lear

Nicole
    $1000 7
mar

Nicole
    $1000 10
Mongolia

Jackie
    $1000 20
Yuengling

Ciara
    $1000 11
fescue

Triple Stumper

Scores at the first commercial break (after clue 15):

Ciara Jackie Nicole
$2,000 $3,800 $3,800

Scores at the end of the Jeopardy! Round:

Ciara Jackie Nicole
$3,400 $4,600 $8,400

Double Jeopardy! Round responses

WHAT THE HILL?
AMERICAN LAW
SCIENTISTS
TIME TO CALL IT A DAY
(Ken: Each response will contain a day of the week.)
HISTORY'S MISTER "E"s
THE ACADEMY MUSEUM OF MOTION PICTURES
(Ken: ) (Sarah:
    $400 27
[The end-of-round signal sounds.]

a dune

Nicole
    $400 13
Apollo

Nicole
    $400 6
(Jackie: Who is... Erik the Red?)

(Leif) Erikson

CiaraJackie
    $400 14
2001: A Space Odyssey

Nicole
    $800 20
mesas

Jackie
    $4,000 24
(Ken: Jackie?)
(Jackie: [Shakes head])
...
(Ken: We have less than a minute to go.)

immigration

Jackie
    $800 5
Mendel

Nicole
    $800 23
Super Tuesday

Jackie
    $800 7
Wyatt Earp

Nicole
    $800 15
North by Northwest

Jackie
    $1200 21
the Holy Grail

Jackie
    $1200 22
(Nicole: What are manacles?)
...
(Ken: Yes, the case writing here says [*] specifically.)

shackles

CiaraNicole
    $1200 1
Hubble

Ciara
    $1200 17
Throwback Thursday

Ciara
    $1200 8
Engels

Ciara
    $1200 19
sepia

Jackie
    $1600 11
a glacier

Ciara
    $1600 4
(Ciara: What are guidelines?)

liability

Ciara
Triple Stumper
    $1600 2
Ptolemy

Triple Stumper
    $1600 16
(Ciara: What is Wednesday?)
(Ken: More specifically?)
(Ciara: What is...)

Ash Wednesday

CiaraJackie
    $1600 9
Essex

Ciara
    $1600 26
Midsommar

Ciara
    $2000 12
mound builders

Ciara
    $2000 3
Schrödinger

Jackie
    $3,000 18
a Sunday school teacher

Ciara
    $2000 10
Erasmus

Jackie
    $2000 25
a zoetrope

Nicole

Scores at the end of the Double Jeopardy! Round:

Ciara Jackie Nicole
$15,200 $10,600 $12,000

[wagering suggestions for these scores]

Final Jeopardy! Round responses

U.S. CITY NAMES
(Ken: [To Nicole] An "A" crossed out, interesting.)
...
(Ken: It's [*], named for the Western and Atlantic Railroad.)
JackieWhat is
$3,100
NicoleWhat is? A
$11,201
CiaraWhat is Annapolis :(
$10,000
Atlanta, Georgia

Final scores:

Ciara Jackie Nicole
$5,200 $7,500 $799
2nd place: $2,000 New champion: $7,500 3rd place: $1,000

Game dynamics:

Coryat scores:

Ciara Jackie Nicole
$14,200 $14,600 $9,600
18 R
(including 1 DD),
3 W
15 R,
2 W
(including 1 DD)
16 R
(including 1 DD),
3 W

Combined Coryat: $38,400

[game clues] [game scores] [suggest correction]

Game tape date: 2022-01-19
The J! Archive is created by fans, for fans. Scraping, republication, monetization, and malicious use prohibited; this site may use cookies and collect identifying information. See terms. The Jeopardy! game show and all elements thereof, including but not limited to copyright and trademark thereto, are the property of Jeopardy Productions, Inc. and are protected under law. This website is not affiliated with, sponsored by, or operated by Jeopardy Productions, Inc. Join the discussion at JBoard.tv.